| 000 | 00500nam a2200169Ia 4500 | ||
|---|---|---|---|
| 999 |
_c35265 _d35265 |
||
| 003 | OSt | ||
| 005 | 20201222102052.0 | ||
| 008 | 190216s9999||||xx |||||||||||||| ||und|| | ||
| 040 | _coclc | ||
| 082 |
_a039 _bBAL/K |
||
| 100 |
_aBalakrishnan, V _97746 |
||
| 245 | 0 |
_aKerala Sahithya Vijnanakosham / _cV Balakrishnan |
|
| 260 |
_bBkm Book Depot, _c1969. _aChampakulam: |
||
| 300 | _a1080p | ||
| 650 | _aKeraka Sahithya Vijananakosam | ||
| 942 |
_cREF _2ddc _h039 _iBAL/K _k039 _mBAL/K |
||